000 00296nam a22001337a 4500
008 170710b xxu||||| |||| 00| 0 eng d
020 _a9780764157004
041 _aeng
080 _a030
100 _a23
101 _aENC
245 _aENCYCLOPEDIA DOG BREEDS
_cCOLILE.D.C
942 _2udc
_cBK
999 _c20188
_d20188